vufinder Bibliothèque Municipale de Charleval de Provence
Se connecter

C'est la rentrée !

Book Cover
Auteur principal: Magdalena
D'autres auteurs: Emmanuel Ristord
Support: Livres
Langue: Francais
Publié: DL 2011 Editions Flammarion Paris
Series: Je suis au CP
Genre: Roman enfant
Collection: Je suis en CP
Sujets:
Étiquettes: Ajouter
Pas de Tags !

LEADER 00748nam0a2200217 450
001 16822283
010 |a 978-2-08-124798-7  |b br.  |d 4,95 € 
100 |a 20111011d2026 u u0frey01 ba 
101 0 |a fre 
102 |a FR 
200 0 |a C'est la rentrée !  |f texte de Magdalena  |g illustrations d'Emmanuel Ristord 
207 1 |a   
210 |a Paris  |c Editions Flammarion  |d DL 2011 
215 |a 1 vol. (31 p.)  |c ill. en coul., couv. ill. en coul.  |d 20 cm 
225 1 |a Je suis en CP  |i Niveau 1  |v 1 
461 0 |t Je suis au CP  |v 1 
700 0 |a Magdalena  |f 1961-....  |4 70 
702 0 |a Ristord  |b Emmanuel  |4 440 
900 |a Roman enfant 
901 |a Accessible au prêt 
995 |a Bibliothèque  |c Bibliothèque  |f 024016543  |h 024016543  |k E C2 MAG  |o p  |q j  |r az  |e Bibliothèque 

Options de recherche

Historique de recherche
Recherche avancée

Trouver plus

Nouveautés

Besoin d'aide ?

Contacter un bibliothécaire